| 000 -LEADER |
| fixed length control field |
01096cam a2200193 i 4500 |
| 001 - CONTROL NUMBER |
| control field |
17856978 |
| 005 - DATE AND TIME OF LATEST TRANSACTION |
| control field |
20221114111618.0 |
| 008 - FIXED-LENGTH DATA ELEMENTS--GENERAL INFORMATION |
| fixed length control field |
130819s2013 enk 000 0 eng |
| 020 ## - INTERNATIONAL STANDARD BOOK NUMBER |
| International Standard Book Number |
9781137029126x |
| 041 ## - LANGUAGE CODE |
| Language code of text/sound track or separate title |
eng |
| 080 ## - UNIVERSAL DECIMAL CLASSIFICATION NUMBER |
| Universal Decimal Classification number |
327.2 S-57 |
| 100 1# - MAIN ENTRY--PERSONAL NAME |
| Personal name |
Simon, Luis |
| Dates associated with a name |
|
| 9 (RLIN) |
10910 |
| 245 10 - TITLE STATEMENT |
| Title |
Geopolitical change, grand strategy and European security : |
| Remainder of title |
the EU-Nato conundrum in perspective / |
| Statement of responsibility, etc. |
Luis Simâon. |
| 264 #1 - PRODUCTION, PUBLICATION, DISTRIBUTION, MANUFACTURE, AND COPYRIGHT NOTICE |
| Place of production, publication, distribution, manufacture |
Houndmills, Basingstoke, Hampshire ; |
| -- |
New York : |
| Name of producer, publisher, distributor, manufacturer |
Palgrave Macmillan, |
| Date of production, publication, distribution, manufacture, or copyright notice |
2013. |
| 300 ## - PHYSICAL DESCRIPTION |
| Extent |
286 pages ; |
| Dimensions |
23 cm. |
| 653 ## - INDEX TERM--UNCONTROLLED |
| keyword |
გეოპოლიტიკური ცვლილება, დიდი სტრატეგია და ევროპული უსაფრთხოება: ევროკავშირი-ნატოს მიუკერძოებელი პერსპექტივა |
| 653 ## - INDEX TERM--UNCONTROLLED |
| keyword |
Геополитические изменения, грандиозная стратегия и европейская безопасность: головоломка ЕС-НАТО в перспективе |
| 942 ## - ADDED ENTRY ELEMENTS (KOHA) |
| Source of classification or shelving scheme |
|
| Koha item type |
წიგნი |